| 000 | 00533nam a2200193 a 4500 | ||
|---|---|---|---|
| 001 | 3470 | ||
| 003 | CDMR | ||
| 005 | 20131029175957.0 | ||
| 008 | 130130s1982||||||||||||||||||||||||||||d | ||
| 020 | _a8474422868 | ||
| 040 |
_aCDMR _bcat _cCPC GIRONA |
||
| 100 | 1 |
_aMiguel, Amando de _92495 |
|
| 245 | 1 | 0 |
_aSociología de las páginas de opinión _cAmando de Miguel |
| 260 |
_c1982 _bATE _aBarcelona |
||
| 300 | _a163 p. | ||
| 490 | 0 | _aTextos de Periodismo | |
| 650 | 0 | 4 |
_93625 _aDiaris _vSeccions, columnes, etc _xOpinió |
| 942 |
_cMON _2udc |
||
| 999 |
_c3470 _d3470 |
||